000 00772nam a22002897a 4500
003 UA-OsUOA
001 26003
007 ta
008 20040507b un ||||| |||| 00| 0 ukr d
100 _aДюженкова Л.І.
700 _aКолесник Т.В.
700 _aЛященко М.Я.
090 _a517(075.8)
_bМ34
942 _cBK
040 _aUA-OsUOA
_bukr
_cUA-OsUOA
_dUA-OsUOA
245 _aМатематичний аналіз у задачах і прикладах
_bнавчальний посібник
300 _a462 с.
955 _a2
041 _aukr
080 _a517(075.8)
020 _a966-642-034-1
260 _aКиїв
_bВища школа
_c2003
246 3 1 _a2
_n
044 _aUA
650 7 _2UDC
999 _c312311
_d312311